000 00869cam a2200241 i 4500
003 SA-RiAUC
005 20260123140629.0
008 260117s1921 ua g 000 0 ara c
040 _aSA-RiKSU
_bara
_cSA-RiAUC
_erda
082 0 4 _a258.2
090 _aم ن 258.2
_bح س ي
100 1 _aحسين، محمد علي
_eمؤلف.
245 1 0 _aمجموعة ثلاث رسائل علمية /
_cمحمد علي حسين.
264 1 _aالقاهرة :
_bدار إحياء الكتب العربية،
_c1921
300 _a136 صفحة؛
_c24 سم
336 _aنص
_btxt
_2rdacontent
_3كتاب
337 _aبدون وسيط
_bn
_2rdamedia
338 _aمجلد
_bnc
_2rdacarrier
650 7 _aالفقه المالكي
_2aucsh
650 7 _aالفقه الإسلامي
_xمذاهب
_2aucsh
942 _2ddc
_cRBOOK COPY
_n0
949 _aSA-JeALM
_d260117
_umohamedma123
_n1
999 _c14140
_d14140